000
00323nam a2200145Ia 4500
008
150301s2015 xx 000 0 und d
082
_a
615.4
_b
D13M
100
_a
R.M MEHRA
245
_a
DISPENSING PHARMACY
250
_a
4TH
260
_b
VOLLABH PRAKASHAN
300
_a
200
650
_a
PHARMACY
942
_2
ddc
_c
BK
_0
40
999
_c
7069
_d
7069